| 000 | 00520nam a22001697a 4500 | ||
|---|---|---|---|
| 999 |
_c166455 _d166455 |
||
| 010 | _aENG-126063 | ||
| 020 |
_a978-93-86761-27-9 _c1495.00(hb) |
||
| 035 | _aEN-109595 | ||
| 037 | _bDABD/PUB | ||
| 082 | _a616.89 | ||
| 100 |
_aThakur, Lakshameshwar _d2018 |
||
| 245 |
_aAbnormal Psychology/ _cby Lakshameshwar Thakur |
||
| 260 |
_aNew Delhi _bAne Books Pvt.Ltd. |
||
| 270 | _a4821,Parwana Bhawan 1st Floor 24 Ansari Road, Darya Ganj | ||
| 300 |
_a288p. _b24cm(hb) |
||
| 942 |
_2ddc _cEN _h616.89 _mTHA |
||